A procedural model for the use of bibliographic records in libraries /

Gespeichert in:
Bibliographische Detailangaben
1. Verfasser: Thomas, P. A. (VerfasserIn)
Format: Buch
Sprache:Englisch
Veröffentlicht: London : Aslib, 1970
Ausgabe:[1st ed.]
Schlagworte:
Online-Zugang: Volltext
Tags: Tag hinzufügen
Keine Tags, Fügen Sie den ersten Tag hinzu!

MARC

LEADER 00000cam a2200000 4500
003 SK-BrCVT
005 20220618080928.0
008 090707s1970 xxk e ||||||eng d
035 |a CVTIDW1503421 
040 |b slo  |a CVTI SR  |e AACR2 
041 0 |a eng 
044 |a xxk 
100 1 |a Thomas, P. A.  |4 aut 
245 1 2 |a A procedural model for the use of bibliographic records in libraries /  |c P. A. Thomas 
250 |a [1st ed.] 
260 |a London :  |b Aslib,  |c 1970 
300 |a 96 s., príl. 
653 1 |a bibliografický záznam 
653 1 |a katalogizácia 
653 1 |a knihovníctvo 
910 |b A296321 
974 |f Knihy 
992 |a AMG 
999 |c 195505  |d 195505